| 000 | 00702nam a22002057a 4500 | ||
|---|---|---|---|
| 005 | 20230919152418.0 | ||
| 010 | _aENG-138169 | ||
| 020 |
_a9789382829362 _c624.00 |
||
| 035 | _aEN-121701 | ||
| 037 | _bDBAD/PUB | ||
| 082 |
_a621.402 _2First 2023 |
||
| 100 |
_aSudhakar, U _956958 |
||
| 245 |
_aHeat Tranfer/ _cBy U Sudhakar and K Veera Raghavulu |
||
| 250 | _aFirst 2023 | ||
| 260 |
_aHyderabad _bSpectrum Publications _c2023 |
||
| 270 |
_bHyderabad _a326/C, Level -1 Near B K Guda Park, S R Nagar _e500038 _k+914023710657 _k+91238000657 _l+914023810657 |
||
| 300 |
_axiv,314p. _c24cm(hbk) _bIndex |
||
| 700 |
_aRaghavulu, K Veera _eAuthor _956915 |
||
| 942 |
_2ddc _cEN _h621.402 _mSUD |
||
| 999 |
_c198372 _d198372 |
||